| 000 | 01093nam a22003015i 4500 | ||
|---|---|---|---|
| 999 |
_c28158 _d28129 |
||
| 003 | EG-ScBUE | ||
| 005 | 20200220125128.0 | ||
| 008 | 200220t20182018enk f 001 0 eng d | ||
| 020 | _a9780077166472 | ||
| 020 | _a0077166477 | ||
| 040 |
_aEG-ScBUE _beng _erda _cEG-ScBUE _dEG-ScBUE |
||
| 082 |
_a515 _bSMI _222 |
||
| 100 | 1 |
_aSmith, Robert T. _q(Robert Thomas), _d1955- _eauthor. |
|
| 245 | 1 | 0 |
_aCalculus. _pEarly transcendental functions / _cRobert T. Smith, Millersville University of Pennsylvania, Roland B. Minton, Roanoke College, Ziad A. T. Rafhi, Higher Colleges of Technology. |
| 250 | _aFifth edition. | ||
| 264 | 1 |
_aLondon : _bMcGraw-Hill Education, _c[2018] |
|
| 264 | 4 | _cc2018 | |
| 300 |
_a1 volume (various pagings) : _billustrations (color) ; _c28 cm |
||
| 336 |
_atext _btxt _2rdacontent |
||
| 337 |
_aunmediated _bn _2rdamedia |
||
| 338 |
_avolume _bnc _2rdacarrier |
||
| 500 | _aIncludes index. | ||
| 653 | _cFebruary2020 | ||
| 655 |
_vText book _933728 |
||
| 700 | 1 |
_aMinton, Roland B., _d1956- _eauthor. _927709 |
|
| 700 | 1 |
_aRafhi, Ziad A. T., _eauthor. |
|
| 942 |
_2ddc _cBB |
||